Gaming Quiz

Random Gaming or World Quiz

Monopoly world cities Quiz Stats

Quiz not verified by Sporcle

Also try: Contra Code
Challenge
Share
Tweet
Embed
Score 0/22 Timer 03:00
0 Plays Today
american original place cities in world monopoly % Correct
Indiana avenueNew York
87.7%
Illinois avenueLondon
83.8%
Pacific avenueParis
78.2%
Oriental avenueTokyo
77.1%
Atlantic avenueBeijing
69.8%
St.James placeRome
68.2%
Kentucky avenueSydney
65.4%
Virginia avenueToronto
52.5%
Vermont avenueBarcelona
49.2%
Connecticut avenueAthens
46.4%
BoardwalkMontreal
44.7%
american original place cities in world monopoly % Correct
Tennessee avenueShanghai
43.6%
St.Charles placeIstanbul
39.1%
Pennsylvania avenueCape Town
37.4%
New York avenueVancouver
36.3%
Ventnor avenueHong Kong
33%
Marvin's gardensJerusalem
27.9%
Baltic avenueTaipei
13.4%
Park Place avenueRiga
10.6%
Mediterranean avenueGdynia
8.4%
North Carolina avenueBelgrade
7.3%
States avenueKyiv
5%

You're not logged in!

Compare scores with friends on all Sporcle quizzes.
Sign Up with Email
OR
Log In

You Might Also Like...

Show Comments

Extras

Top Quizzes Today


Score Distribution

Your Account Isn't Verified!

In order to create a playlist on Sporcle, you need to verify the email address you used during registration. Go to your Sporcle Settings to finish the process.